[Event "XXVI Festival Conca della Presolana B"]
[Site "Bratto - Castione della Presolana ITA"]
[Date "2006.08.26"]
[Round "7"]
[White "Di Chiara, Mauro"]
[Black "Galasso, Daniele"]
[Result "0-1"]
[WhiteElo "1721"]
[BlackElo "1721"]
[PlyCount "60"]
[EventDate "2006.08.20"]

1. d4 d5 2. Nf3 Nf6 3. e3 Bg4 4. c4 c6 5. Nbd2 Nbd7 6. h3 Bh5 7. g4 Bg6 8. Ne5
Nxe5 9. dxe5 Nd7 10. f4 Be4 11. Nxe4 dxe4 12. b3 Nc5 13. Qd4 e6 14. Bb2 Qh4+
15. Ke2 Qg3 16. Rd1 Qf3+ 17. Ke1 Qxh1 18. Kf2 Qh2+ 19. Bg2 Nd3+ 20. Rxd3 exd3
21. Qxd3 Be7 22. Bc3 Bh4+ 23. Kf1 Qg3 24. Qe2 Rd8 25. Kg1 O-O 26. Bb4 Rfe8 27.
g5 b6 28. Kh1 c5 29. Bc3 Rd7 30. f5 Red8 0-1

[Event "XXVI Festival Conca della Presolana B"]
[Site "Bratto - Castione della Presolana ITA"]
[Date "2006.08.26"]
[Round "7"]
[White "Ferrarese, Giacomo"]
[Black "Franzini, Stefano"]
[Result "1-0"]
[WhiteElo "1721"]
[BlackElo "1700"]
[PlyCount "59"]
[EventDate "2006.08.20"]

1. c4 b6 2. Nc3 Bb7 3. d3 e6 4. Nf3 Nf6 5. g3 Nc6 6. Bg2 d5 7. O-O Qd7 8. Bf4
Bd6 9. Bg5 h6 10. Bxf6 gxf6 11. cxd5 exd5 12. Nxd5 Qe6 13. Nc3 O-O-O 14. a3 f5
15. d4 Qg6 16. Nh4 Qg5 17. d5 Ne7 18. Qc1 f4 19. Ne4 Qxd5 20. Rd1 Qe6 21. Nxd6+
Rxd6 22. Bxb7+ Kxb7 23. Qxf4 Rxd1+ 24. Rxd1 Qxe2 25. Rc1 Nc6 26. Qf6 Qe8 27.
Rxc6 Qxc6 28. Qxh8 Qc1+ 29. Kg2 Qc6+ 30. Nf3 1-0

[Event "XXVI Festival Conca della Presolana B"]
[Site "Bratto - Castione della Presolana ITA"]
[Date "2006.08.26"]
[Round "7"]
[White "Fiorili, Roberto"]
[Black "Bernasconi, Roberto"]
[Result "1/2-1/2"]
[WhiteElo "1934"]
[BlackElo "1933"]
[PlyCount "39"]
[EventDate "2006.08.20"]

1. e4 e5 2. Nf3 Nf6 3. Nc3 Nc6 4. Bb5 Bb4 5. Qe2 Qe7 6. O-O O-O 7. a3 Bxc3 8.
bxc3 d6 9. h3 a6 10. Ba4 Nb8 11. d4 Nbd7 12. Bb3 Nb6 13. a4 exd4 14. Nxd4 Re8
15. f3 Bd7 16. Qf2 Rad8 17. a5 Na8 18. c4 Qe5 19. c3 c6 20. Ne2 1/2-1/2

[Event "XXVI Festival Conca della Presolana B"]
[Site "Bratto - Castione della Presolana ITA"]
[Date "2006.08.26"]
[Round "7"]
[White "Fizzotti, Mario"]
[Black "Romano, Roberto"]
[Result "1-0"]
[WhiteElo "1868"]
[BlackElo "1733"]
[PlyCount "53"]
[EventDate "2006.08.20"]

1. c4 Nf6 2. Nc3 e5 3. Nf3 Nc6 4. g3 d5 5. cxd5 Nxd5 6. Bg2 Nb6 7. O-O Be7 8.
a3 Be6 9. Rb1 O-O 10. b4 f6 11. d3 Qd7 12. Ne4 Nd5 13. Qc2 Nd4 14. Nxd4 exd4
15. Bb2 a5 16. Nc5 Bxc5 17. bxc5 c6 18. Ba1 Rfe8 19. Rfe1 Rab8 20. Qd2 b5 21.
cxb6 Ne3 22. fxe3 dxe3 23. Qxa5 Bd5 24. Bxd5+ cxd5 25. Qb4 Ra8 26. b7 Ra4 27.
b8=Q 1-0

[Event "XXVI Festival Conca della Presolana B"]
[Site "Bratto - Castione della Presolana ITA"]
[Date "2006.08.26"]
[Round "7"]
[White "Gozzini, Giambattista"]
[Black "Acunzo, Domenico"]
[Result "1-0"]
[WhiteElo "1721"]
[BlackElo "1764"]
[PlyCount "79"]
[EventDate "2006.08.20"]

1. e4 e6 2. d3 d5 3. Nd2 c5 4. Ngf3 g6 5. g3 Bg7 6. Bg2 Ne7 7. O-O Qc7 8. Re1
Nbc6 9. c3 a5 10. a4 Ra7 11. Nf1 b6 12. h4 h6 13. N1h2 Ba6 14. Ng4 Qc8 15. exd5
exd5 16. Nfe5 Nxe5 17. Nxe5 O-O 18. Qb3 Qd8 19. d4 Kh7 20. Qc2 cxd4 21. cxd4 f6
22. Nf3 Nf5 23. h5 Ne7 24. hxg6+ Kh8 25. Nh4 Qd7 26. Qd1 Rc7 27. Qh5 Ng8 28.
Nf5 Bd3 29. Bxh6 Nxh6 30. Nxh6 Bxh6 31. Qxh6+ Kg8 32. Bh3 f5 33. Qe3 Be4 34. f3
Qd6 35. fxe4 fxe4 36. Rf1 Rxf1+ 37. Rxf1 Qxg6 38. Qf4 Qg7 39. Be6+ Kh7 40. Qh4+
1-0

[Event "XXVI Festival Conca della Presolana B"]
[Site "Bratto - Castione della Presolana ITA"]
[Date "2006.08.26"]
[Round "7"]
[White "La Manna, Andrea"]
[Black "Nardone, Massimo"]
[Result "1-0"]
[WhiteElo "1895"]
[BlackElo "1902"]
[PlyCount "73"]
[EventDate "2006.08.20"]

1. d4 d5 2. c4 e6 3. Nc3 Nf6 4. cxd5 exd5 5. Bg5 Be7 6. e3 O-O 7. Bd3 h6 8. Bh4
c6 9. Qc2 Be6 10. Nge2 Re8 11. O-O Nh5 12. Bxe7 Qxe7 13. f3 Qg5 14. e4 Nf4 15.
Nxf4 Qxf4 16. Rae1 Nd7 17. g3 Qg5 18. f4 Qg4 19. f5 Bxf5 20. Rxf5 Qxf5 21. exf5
Rxe1+ 22. Kf2 Re7 23. b4 Nf6 24. a3 Rae8 25. Qc1 Rc7 26. Qf4 Rce7 27. Qd2 a6
28. a4 Kf8 29. a5 Rb8 30. Na4 Rbe8 31. Nc5 Rb8 32. g4 Nd7 33. Qf4 Rbe8 34. Nxb7
Nf6 35. Nc5 Ne4+ 36. Bxe4 dxe4 37. Ke3 1-0

[Event "XXVI Festival Conca della Presolana B"]
[Site "Bratto - Castione della Presolana ITA"]
[Date "2006.08.26"]
[Round "7"]
[White "Madiai, Federico"]
[Black "Tafur, Abel"]
[Result "1-0"]
[WhiteElo "1756"]
[BlackElo "1966"]
[PlyCount "72"]
[EventDate "2006.08.20"]

1. d4 Nf6 2. Nf3 g6 3. c4 Bg7 4. Nc3 d6 5. e4 O-O 6. Be2 e5 7. O-O Nc6 8. d5
Ne7 9. Ne1 Ne8 10. Nd3 f5 11. f3 f4 12. Bd2 g5 13. h3 Ng6 14. c5 Rf7 15. cxd6
cxd6 16. Qb3 Bf8 17. Rac1 h5 18. Nf2 Nh4 19. Rc2 Nf6 20. Rfc1 g4 21. hxg4 Rg7
22. Nb5 hxg4 23. fxg4 Bxg4 24. Bxg4 Nxg4 25. Nxg4 Rxg4 26. Be1 f3 27. Bxh4 Qxh4
28. Qxf3 Rf4 29. Qh3 Qxh3 30. gxh3 Rxe4 31. Nc7 Rc8 32. Ne6 Re1+ 33. Rxe1 Rxc2
34. Rf1 Bh6 35. b4 Be3+ 36. Kh1 b5 1-0

[Event "XXVI Festival Conca della Presolana B"]
[Site "Bratto - Castione della Presolana ITA"]
[Date "2006.08.26"]
[Round "7"]
[White "Marguerettaz, Davy"]
[Black "Colombo, Sandro"]
[Result "1/2-1/2"]
[WhiteElo "1700"]
[BlackElo "1864"]
[PlyCount "61"]
[EventDate "2006.08.20"]

1. e4 c5 2. Nc3 Nc6 3. g3 Nf6 4. Bg2 d6 5. f4 Nd4 6. Nge2 Bg4 7. h3 Bf3 8. Bxf3
Nxf3+ 9. Kf2 Nd4 10. d3 e5 11. Rf1 h5 12. Kg2 Qd7 13. f5 d5 14. Bg5 dxe4 15.
dxe4 Be7 16. Bxf6 Bxf6 17. Nd5 O-O-O 18. c3 Nc6 19. Qa4 Kb8 20. Rad1 Qe8 21.
Qb5 Ne7 22. Qxc5 Nxd5 23. Rxd5 Qa4 24. Qb4 Qxb4 25. cxb4 Rxd5 26. exd5 Rc8 27.
Nc3 Rc4 28. a3 e4 29. Re1 Bxc3 30. bxc3 Kc7 31. Re3 1/2-1/2

[Event "XXVI Festival Conca della Presolana B"]
[Site "Bratto - Castione della Presolana ITA"]
[Date "2006.08.26"]
[Round "7"]
[White "Morandi, Daniele"]
[Black "Cambieri, Mario"]
[Result "1-0"]
[WhiteElo "1895"]
[BlackElo "1814"]
[PlyCount "99"]
[EventDate "2006.08.20"]

1. e4 c5 2. Nf3 d6 3. d4 cxd4 4. Nxd4 Nf6 5. Nc3 g6 6. Be2 Bg7 7. O-O Bd7 8.
Be3 O-O 9. Qd2 Nc6 10. f4 a6 11. Rad1 Rc8 12. h3 b5 13. a3 Nxd4 14. Bxd4 Bc6
15. Bd3 Qc7 16. g4 Qb7 17. g5 Nd7 18. Bxg7 Kxg7 19. f5 f6 20. Qf4 Ne5 21. Rf2
a5 22. Qh4 fxg5 23. Qxg5 b4 24. axb4 axb4 25. Nd5 Bxd5 26. exd5 Rf6 27. fxg6
hxg6 28. Rdf1 Rcf8 29. Be4 Qa7 30. Qg3 Qd4 31. Bg2 Nf3+ 32. Kh1 Ne5 33. Rxf6
Rxf6 34. Rxf6 exf6 35. c3 bxc3 36. Qxc3 Qxc3 37. bxc3 Nc4 38. Kg1 Ne3 39. Bf3
g5 40. Kf2 Nc4 41. Be4 Kh6 42. Ke2 Ne5 43. Bf5 Kh5 44. Ke3 g4 45. hxg4+ Nxg4+
46. Kf4 Ne5 47. Be4 Kh6 48. Kf5 Kg7 49. Ke6 Nf7 50. Ke7 1-0

[Event "XXVI Festival Conca della Presolana B"]
[Site "Bratto - Castione della Presolana ITA"]
[Date "2006.08.26"]
[Round "7"]
[White "Nasoni, Paolo"]
[Black "Caputi, Giuliano"]
[Result "1-0"]
[WhiteElo "1859"]
[BlackElo "1945"]
[PlyCount "73"]
[EventDate "2006.08.20"]

1. e4 c6 2. d4 d5 3. e5 Bf5 4. g4 Be4 5. f3 Bg6 6. Nd2 e6 7. h4 h5 8. g5 Qb6 9.
Nb3 Nd7 10. Bd2 Qc7 11. c3 a6 12. Ne2 c5 13. Nf4 Bf5 14. Bd3 Ne7 15. Bxf5 Nxf5
16. g6 c4 17. Nc1 Be7 18. gxf7+ Kxf7 19. Qc2 g6 20. Nce2 Bxh4+ 21. Rxh4 Nxh4
22. O-O-O Rag8 23. Nh3 Nf5 24. Ng5+ Ke7 25. Rg1 Nf8 26. Nf4 Qd7 27. b3 b5 28.
bxc4 bxc4 29. Qb2 Qc6 30. Qb4+ Kd7 31. Kc2 Rg7 32. Rb1 Re7 33. Qb8 Qc8 34. Rb7+
Kd8 35. Ngxe6+ Nxe6 36. Nxe6+ Rxe6 37. Bg5+ 1-0

[Event "XXVI Festival Conca della Presolana B"]
[Site "Bratto - Castione della Presolana ITA"]
[Date "2006.08.26"]
[Round "7"]
[White "Orsi, Lorenzo"]
[Black "Gallavotti, Eugenio"]
[Result "1-0"]
[WhiteElo "1682"]
[BlackElo "1705"]
[PlyCount "53"]
[EventDate "2006.08.20"]

1. e4 c5 2. Nc3 a6 3. a4 h6 4. g3 d6 5. Bg2 Nf6 6. d3 Bg4 7. Nge2 Qd7 8. h3
Bxe2 9. Qxe2 Nc6 10. O-O Nd4 11. Qd1 e6 12. Ne2 Be7 13. c3 Nxe2+ 14. Qxe2 O-O
15. d4 cxd4 16. cxd4 Rac8 17. e5 Nd5 18. Qg4 f5 19. exf6 Rxf6 20. Bxd5 h5 21.
Qxh5 Rf5 22. Qxf5 Kh8 23. Bxe6 Qe8 24. Bxc8 Bf6 25. Bd7 Qe7 26. Qe6 Qf8 27. Qe8
1-0

[Event "XXVI Festival Conca della Presolana B"]
[Site "Bratto - Castione della Presolana ITA"]
[Date "2006.08.26"]
[Round "7"]
[White "Paniga, Danilo"]
[Black "Lanni, Vincenzo"]
[Result "0-1"]
[WhiteElo "1815"]
[BlackElo "1697"]
[PlyCount "74"]
[EventDate "2006.08.20"]

1. d4 g6 2. e4 Bg7 3. Nf3 d6 4. Bd3 Nf6 5. O-O O-O 6. c3 c6 7. Re1 Bg4 8. h3
Bxf3 9. Qxf3 e5 10. dxe5 dxe5 11. Nd2 Nbd7 12. b4 Qc7 13. Nc4 h6 14. Qd1 Rad8
15. Qc2 Nh5 16. Be3 Nf4 17. Bf1 b5 18. Na5 Nb6 19. Rad1 Ne6 20. Rxd8 Rxd8 21.
Rd1 Rxd1 22. Qxd1 Kh7 23. Nb3 Bf8 24. Qd2 h5 25. a3 f6 26. g3 Kg8 27. Kg2 Kh7
28. Be2 Kg8 29. f4 exf4 30. gxf4 Bh6 31. Kf3 f5 32. Nc5 fxe4+ 33. Kxe4 Nxc5+
34. Bxc5 Nd5 35. Be3 Qe7+ 36. Kf3 Qe6 37. Kg3 Qxe3+ 0-1

[Event "XXVI Festival Conca della Presolana B"]
[Site "Bratto - Castione della Presolana ITA"]
[Date "2006.08.26"]
[Round "7"]
[White "Reginato, Mauro"]
[Black "Simone, Marco"]
[Result "1-0"]
[WhiteElo "1823"]
[BlackElo "1880"]
[PlyCount "73"]
[EventDate "2006.08.20"]

1. e4 e6 2. d4 d5 3. exd5 exd5 4. Bf4 Be6 5. Bd3 Nd7 6. Nf3 Ngf6 7. O-O Be7 8.
Re1 O-O 9. Ng5 Bg4 10. f3 Bh5 11. Bxc7 Qxc7 12. Rxe7 h6 13. Nh3 Qd6 14. Re2
Rfe8 15. Nd2 Qb6 16. Nb3 Ne5 17. Nf4 Nxd3 18. Qxd3 Rxe2 19. Qxe2 Re8 20. Qf2 a5
21. c3 a4 22. Nc5 Qc6 23. Ncd3 a3 24. Ne5 axb2 25. Qxb2 Qc7 26. Rb1 Re7 27. Qb3
Qa5 28. g4 Bg6 29. Nfxg6 fxg6 30. Nxg6 Re3 31. Qxb7 Rxc3 32. Qb8+ Kh7 33. Nf8+
Kg8 34. Rb7 Rc1+ 35. Kg2 Qd2+ 36. Kh3 Qe2 37. Ne6+ 1-0

[Event "XXVI Festival Conca della Presolana B"]
[Site "Bratto - Castione della Presolana ITA"]
[Date "2006.08.26"]
[Round "7"]
[White "Regorda, Vittorio"]
[Black "Longo, Pietro"]
[Result "1-0"]
[WhiteElo "1949"]
[BlackElo "1757"]
[PlyCount "108"]
[EventDate "2006.08.20"]

1. d4 Nf6 2. c4 g6 3. Nc3 Bg7 4. e4 d6 5. f3 O-O 6. Be3 c6 7. Nge2 e5 8. Qd2 a6
9. O-O-O Qa5 10. Kb1 b5 11. Nc1 exd4 12. Bxd4 b4 13. N3e2 Rd8 14. Nb3 Qc7 15.
Bxf6 Bxf6 16. Qxb4 c5 17. Qa5 Qb7 18. Nf4 Nc6 19. Qd2 Bg5 20. g3 Be6 21. h4
Bxf4 22. gxf4 a5 23. Rg1 a4 24. Nc1 Na5 25. Qc2 Rab8 26. Rd2 Qa6 27. f5 Bxc4
28. Bxc4 Nxc4 29. Qc3 Nxd2+ 30. Qxd2 Qa7 31. h5 Rxb2+ 32. Kxb2 c4 33. Rg2 Rc8
34. Qc3 a3+ 35. Kc2 Rb8 36. h6 Rb2+ 37. Kd1 Qa4+ 38. Ke1 Qb4 39. Qxb4 Rxb4 40.
fxg6 fxg6 41. Rc2 Kf7 42. Rc3 Ra4 43. Kf2 g5 44. Ne2 Kg6 45. Ng3 Rb4 46. Rxa3
Rb2+ 47. Ke3 Kxh6 48. Nf5+ Kh5 49. Nxd6 c3 50. Rxc3 Rxa2 51. Nc4 g4 52. f4 Rg2
53. Kd4 Rf2 54. Ke5 54... Ra2 {...} 1-0

[Event "XXVI Festival Conca della Presolana B"]
[Site "Bratto - Castione della Presolana ITA"]
[Date "2006.08.26"]
[Round "7"]
[White "Roversi, Stefano"]
[Black "Scarpellini, Felice"]
[Result "1-0"]
[WhiteElo "1857"]
[BlackElo "1913"]
[PlyCount "67"]
[EventDate "2006.08.20"]

1. e4 d6 2. d4 g6 3. f4 Bg7 4. Nf3 c6 5. Nc3 Nf6 6. Bd3 Bg4 7. h3 Bxf3 8. Qxf3
e6 9. O-O Nbd7 10. e5 Nd5 11. Ne4 O-O 12. Nxd6 Qc7 13. Bd2 Ne7 14. c4 b6 15.
Rac1 c5 16. Nb5 Qd8 17. Be4 Rb8 18. d5 a6 19. Nc3 Nf5 20. Bxf5 gxf5 21. Rcd1
Qe7 22. Be3 f6 23. dxe6 Qxe6 24. Rd6 Qe7 25. Qd5+ Kh8 26. Rxd7 Qe8 27. e6 Qg6
28. e7 Rg8 29. Rd8 Bh6 30. Qxg8+ Qxg8 31. Rxg8+ Kxg8 32. Rd1 Re8 33. Rd8 Kf7
34. Nd5 1-0

[Event "XXVI Festival Conca della Presolana B"]
[Site "Bratto - Castione della Presolana ITA"]
[Date "2006.08.26"]
[Round "7"]
[White "Sanzani, Pierluigi"]
[Black "Mazzotti, Federico"]
[Result "1-0"]
[WhiteElo "1892"]
[BlackElo "1741"]
[PlyCount "81"]
[EventDate "2006.08.20"]

1. e4 c5 2. Nf3 Nc6 3. d4 cxd4 4. Nxd4 Qc7 5. Nc3 e6 6. Be2 Nf6 7. O-O a6 8. a3
b5 9. Nxc6 dxc6 10. Bd3 Bc5 11. Bg5 Bd4 12. Qe2 Qe5 13. Bxf6 Qxf6 14. Qd2 Bb7
15. Rab1 c5 16. Nd1 c4 17. c3 cxd3 18. cxd4 Qxd4 19. Qc3 Qxc3 20. Nxc3 O-O 21.
Rbd1 Rfd8 22. Rd2 Rd4 23. f3 Rad8 24. Rfd1 g6 25. Kf2 f5 26. Ke3 f4+ 27. Kxf4
b4 28. axb4 Rxb4 29. Ke3 a5 30. Ra1 Ba6 31. Rxa5 Bc4 32. Ra4 Rxa4 33. Nxa4 Rb8
34. Nc5 Rb5 35. Kd4 Ba2 36. Nxd3 Kf7 37. b4 Bb1 38. Rb2 Bxd3 39. Kxd3 Ke7 40.
Kc4 Rh5 41. Rd2 1-0

[Event "XXVI Festival Conca della Presolana B"]
[Site "Bratto - Castione della Presolana ITA"]
[Date "2006.08.26"]
[Round "7"]
[White "Saracco, Marco"]
[Black "Milanesi, Erminio"]
[Result "1/2-1/2"]
[WhiteElo "1780"]
[BlackElo "1874"]
[PlyCount "81"]
[EventDate "2006.08.20"]

1. d4 g6 2. c4 Nh6 3. Nc3 f6 4. Nf3 Nf7 5. e4 Bg7 6. Be3 d6 7. Be2 O-O 8. O-O
c6 9. Qd2 Na6 10. a3 Nc7 11. Rac1 e5 12. dxe5 dxe5 13. Qxd8 Rxd8 14. Rfd1 Be6
15. Rxd8+ Nxd8 16. Rd1 Bf8 17. b4 b6 18. Na4 Nb7 19. Bc1 Be7 20. Nc3 Kf7 21.
Kf1 Ke8 22. Ke1 Nd6 23. Nd2 f5 24. f3 f4 25. Bb2 h5 26. Kf2 a5 27. b5 cxb5 28.
Nxb5 Ncxb5 29. cxb5 Nf7 30. Bc4 Bc5+ 31. Ke2 Ke7 32. Bxe6 Kxe6 33. Nc4 Nd6 34.
Nxd6 Bxd6 35. a4 Rc8 36. Rc1 Rxc1 37. Bxc1 Bc5 38. Kd3 Kd6 39. Kc4 g5 40. h3 h4
41. Bd2 1/2-1/2

[Event "XXVI Festival Conca della Presolana B"]
[Site "Bratto - Castione della Presolana ITA"]
[Date "2006.08.26"]
[Round "7"]
[White "Sottroi, Carlo"]
[Black "Rozzoni, Davide"]
[Result "1/2-1/2"]
[WhiteElo "2008"]
[BlackElo "1714"]
[PlyCount "80"]
[EventDate "2006.08.20"]

1. e4 g6 2. d4 Nh6 3. Nf3 d6 4. Bc4 c6 5. Nc3 f6 6. O-O e6 7. Bd3 Bg7 8. Ne2
O-O 9. Ng3 Nf7 10. c3 e5 11. Qb3 Qe7 12. dxe5 dxe5 13. a4 Be6 14. Bc4 Bxc4 15.
Qxc4 Kh8 16. b3 Rd8 17. Ba3 Qe8 18. Rad1 Na6 19. Qe2 Bf8 20. Bc1 Nc5 21. Qc2
Rxd1 22. Rxd1 Rd8 23. b4 Rxd1+ 24. Qxd1 Qd7 25. Qxd7 Nxd7 26. Kf1 Kg8 27. Be3
b6 28. Ke2 Nd6 29. Bc1 Kf7 30. Kd3 c5 31. Nd2 b5 32. a5 a6 33. Ngf1 c4+ 34. Kc2
Bh6 35. f3 Nc8 36. Nb1 Bxc1 37. Kxc1 Ke6 38. Ne3 Ne7 39. Kd2 Nf8 40. Na3 Kd6
1/2-1/2

[Event "XXVI Festival Conca della Presolana B"]
[Site "Bratto - Castione della Presolana ITA"]
[Date "2006.08.26"]
[Round "7"]
[White "Spano' Cuomo, Gaetano"]
[Black "Peron, Davide"]
[Result "0-1"]
[WhiteElo "1880"]
[BlackElo "1724"]
[PlyCount "80"]
[EventDate "2006.08.20"]

1. d4 Nf6 2. c4 e6 3. Nc3 Bb4 4. a3 Bxc3+ 5. bxc3 O-O 6. Bg5 d5 7. Nf3 h6 8.
Bh4 c6 9. e3 Nbd7 10. Be2 Qa5 11. Qc2 Ne4 12. Be7 Re8 13. Bb4 Qc7 14. a4 c5 15.
dxc5 Ndxc5 16. cxd5 exd5 17. Nd4 Bd7 18. O-O a5 19. Bxc5 Qxc5 20. Bb5 Bxb5 21.
Nxb5 Rac8 22. Rac1 Rc6 23. Qd3 Qc4 24. Qxc4 Rxc4 25. f3 Nd2 26. Rfd1 Nb3 27.
Rb1 Nc5 28. Nd6 Rxe3 29. Nxc4 dxc4 30. Rb5 Nxa4 31. Rxb7 Rd3 32. Ra1 Nxc3 33.
Rxa5 Rd1+ 34. Kf2 Rd2+ 35. Kg3 Ne2+ 36. Kh4 g5+ 37. Kh5 Kg7 38. Kg4 Kg6 39. f4
Nxf4 40. Raa7 Rd3 0-1

[Event "XXVI Festival Conca della Presolana B"]
[Site "Bratto - Castione della Presolana ITA"]
[Date "2006.08.26"]
[Round "7"]
[White "Villa, Claudio"]
[Black "Bettini, Massimo"]
[Result "0-1"]
[WhiteElo "1753"]
[BlackElo "1887"]
[PlyCount "90"]
[EventDate "2006.08.20"]

1. b3 e5 2. Bb2 Nc6 3. c4 Nf6 4. g3 d6 5. Bg2 Be7 6. Nf3 Bf5 7. O-O Qd7 8. d4
e4 9. d5 exf3 10. dxc6 Qxc6 11. exf3 h5 12. Nc3 O-O-O 13. f4 Qd7 14. h4 c6 15.
Re1 Rh6 16. Qd2 Rg6 17. Qe3 Ng8 18. Ne4 b6 19. Ng5 f6 20. Nf3 Rg4 21. Nd4 d5
22. Nxf5 Qxf5 23. Qe6+ Qxe6 24. Rxe6 Kc7 25. cxd5 cxd5 26. Rd1 Bc5 27. Bxd5 Ne7
28. Bf3 Rxg3+ 29. Kh1 Rxf3 30. Rxd8 Kxd8 31. Re2 Rxf4 32. a3 Rxh4+ 33. Kg2 Nf5
34. b4 Bd6 35. Rd2 Rh2+ 36. Kf1 Ke7 37. Bc3 Rh3 38. Bb2 g5 39. Re2+ Kf7 40. Rd2
Rh1+ 41. Ke2 h4 42. Kf3 Rg1 43. Ke4 Ke6 44. Rd3 g4 45. f3 Re1+ 0-1

[Event "XXVI Festival Conca della Presolana B"]
[Site "Bratto - Castione della Presolana ITA"]
[Date "2006.08.27"]
[Round "8"]
[White "Allegretti, Luigi"]
[Black "Gozzini, Giambattista"]
[Result "1/2-1/2"]
[WhiteElo "1981"]
[BlackElo "1721"]
[PlyCount "76"]
[EventDate "2006.08.20"]

1. d4 Nf6 2. Bf4 d6 3. e3 g6 4. h3 Bf5 5. Nd2 Bg7 6. Be2 Nc6 7. c3 O-O 8. Ngf3
Rb8 9. O-O Ne4 10. Nxe4 Bxe4 11. Ng5 Bf5 12. e4 Bd7 13. Bc4 e6 14. Nf3 e5 15.
dxe5 Nxe5 16. Bxe5 dxe5 17. Qd2 Qe7 18. Rad1 Rbd8 19. Qg5 Bf6 20. Qe3 a6 21.
Rd2 Be6 22. Bxe6 Qxe6 23. b3 Rxd2 24. Qxd2 Rd8 25. Qe2 Qd6 26. Rc1 Bg7 27. Kf1
f6 28. Ke1 Kf7 29. Rd1 Qxd1+ 30. Qxd1 Rxd1+ 31. Kxd1 Ke6 32. Kc2 Bf8 33. b4 Be7
34. Ne1 b5 35. Kd3 c5 36. Nc2 f5 37. f3 c4+ 38. Ke2 f4 1/2-1/2

[Event "XXVI Festival Conca della Presolana B"]
[Site "Bratto - Castione della Presolana ITA"]
[Date "2006.08.27"]
[Round "8"]
[White "Bassis, Ivano"]
[Black "Bolognesi, Alberto"]
[Result "1-0"]
[WhiteElo "1820"]
[BlackElo "1900"]
[PlyCount "33"]
[EventDate "2006.08.20"]

1. e4 e5 2. Nf3 Nf6 3. d4 Nxe4 4. Bd3 d5 5. Nxe5 Bd6 6. O-O O-O 7. c4 Qh4 8.
Nf3 Qh5 9. c5 Be7 10. Bf4 Bd8 11. Nbd2 Bf5 12. Qc2 Nxd2 13. Qxd2 Nc6 14. Rfe1
Rc8 15. Ne5 Nxd4 16. Bxf5 f6 17. Bg4 1-0

[Event "XXVI Festival Conca della Presolana B"]
[Site "Bratto - Castione della Presolana ITA"]
[Date "2006.08.27"]
[Round "8"]
[White "Bernasconi, Roberto"]
[Black "Mazzotti, Federico"]
[Result "1-0"]
[WhiteElo "1933"]
[BlackElo "1741"]
[PlyCount "65"]
[EventDate "2006.08.20"]

1. e4 c5 2. Nf3 Nc6 3. Bb5 a6 4. Bxc6 bxc6 5. d3 g6 6. c3 Bg7 7. Be3 d6 8. Nbd2
Nf6 9. h3 O-O 10. O-O a5 11. Qc2 Ba6 12. Rfe1 Rb8 13. Rab1 Qc8 14. e5 Nd5 15.
exd6 Nxe3 16. Rxe3 exd6 17. Nc4 Bh6 18. Ree1 Qf5 19. b3 d5 20. Nb2 Bg7 21. Qd2
Qh5 22. c4 Bc8 23. Qf4 Bf5 24. g4 Qxh3 25. gxf5 Bh6 26. Qg3 Qxf5 27. Re5 Qf6
28. Re2 Bf4 29. Qg2 h5 30. Na4 Bd6 31. Rbe1 Kh7 32. Ne5 g5 33. Nd7 1-0

[Event "XXVI Festival Conca della Presolana B"]
[Site "Bratto - Castione della Presolana ITA"]
[Date "2006.08.27"]
[Round "8"]
[White "Bettini, Massimo"]
[Black "Panigoni, Giuseppe"]
[Result "1-0"]
[WhiteElo "1887"]
[BlackElo "1892"]
[PlyCount "67"]
[EventDate "2006.08.20"]

1. e4 c6 2. d4 d5 3. e5 Bf5 4. Nc3 e6 5. g4 Bg6 6. Nge2 h6 7. h4 Bh7 8. Be3 Nd7
9. f4 c5 10. Bg2 cxd4 11. Bxd4 Bc5 12. f5 Bxd4 13. Nxd4 Qc7 14. O-O O-O-O 15.
Ncb5 Qxe5 16. Nxa7+ Kc7 17. Re1 Qf6 18. Nab5+ Kb8 19. c4 e5 20. Qa4 Qb6 21.
cxd5 exd4 22. Nxd4 Nc5 23. Qd1 Nf6 24. b4 Na6 25. b5 Nc5 26. Rb1 Nce4 27. Bxe4
Nxe4 28. Rxe4 Rxd5 29. Qa4 Rhd8 30. Rb4 Qd6 31. Nc6+ Kc7 32. b6+ Kd7 33. Nxd8+
Qc6 34. Nxc6 1-0

[Event "XXVI Festival Conca della Presolana B"]
[Site "Bratto - Castione della Presolana ITA"]
[Date "2006.08.27"]
[Round "8"]
[White "Boccalatte, Piero"]
[Black "Elsido, Massimo"]
[Result "1-0"]
[WhiteElo "1999"]
[BlackElo "1742"]
[PlyCount "107"]
[EventDate "2006.08.20"]

1. d4 Nf6 2. c4 g6 3. Nc3 Bg7 4. e4 d6 5. Bd3 O-O 6. Nge2 e5 7. d5 c6 8. O-O
cxd5 9. cxd5 Nbd7 10. h3 Nh5 11. Be3 g5 12. f3 Nf4 13. Kh2 Nxd3 14. Qxd3 b6 15.
b4 Nb8 16. g4 f6 17. a4 a5 18. bxa5 bxa5 19. Rfc1 Ba6 20. Nb5 Qd7 21. Bb6 Bxb5
22. axb5 Rc8 23. Rxc8+ Qxc8 24. Rxa5 Rxa5 25. Bxa5 Qc5 26. Kg2 Bf8 27. Qb3 Be7
28. Ng3 Kf7 29. Nf5 Qc8 30. Qc3 Qxc3 31. Bxc3 Ke8 32. Bb4 Kd7 33. Kf2 Bf8 34.
Ke2 Kc7 35. Ba5+ Kb7 36. Bd8 Nd7 37. Kd3 Kc8 38. Ba5 Nc5+ 39. Kc3 Nb7 40. Bb6
Kd7 41. Ne3 Be7 42. Nc4 Bd8 43. Be3 Bc7 44. Kb4 Bd8 45. b6 Be7 46. Kb5 Bf8 47.
Ka6 Kc8 48. Ka7 Be7 49. Bd2 Bd8 50. Na5 Bxb6+ 51. Kxb6 Nc5 52. Kc6 Nd3 53. Kxd6
Nf2 54. Ke7 1-0

[Event "XXVI Festival Conca della Presolana B"]
[Site "Bratto - Castione della Presolana ITA"]
[Date "2006.08.27"]
[Round "8"]
[White "Boffa, Mauro"]
[Black "Celli, Ugo"]
[Result "1-0"]
[WhiteElo "1900"]
[BlackElo "1733"]
[PlyCount "125"]
[EventDate "2006.08.20"]

1. d4 d6 2. c4 e5 3. dxe5 dxe5 4. Qxd8+ Kxd8 5. Nf3 f6 6. Nc3 c6 7. a3 Be6 8.
e4 a5 9. Na4 Nd7 10. Be3 Kc7 11. O-O-O Ne7 12. Nd2 Nc8 13. c5 b5 14. cxb6+
Ncxb6 15. Nxb6 Nxb6 16. Kb1 Be7 17. Rc1 Kb7 18. Nc4 Bxc4 19. Bxc4 Rhd8 20. Bb3
Rd3 21. Kc2 Rad8 22. Rhd1 Rxd1 23. Rxd1 Rxd1 24. Kxd1 Nd7 25. Bg8 h6 26. Kc2
Bc5 27. Bd2 Kb6 28. f3 Bg1 29. Be6 Nc5 30. Bc4 Nb7 31. h3 Nd6 32. Kd3 Bd4 33.
b3 Nb7 34. a4 Nc5+ 35. Ke2 Nb7 36. h4 Nd6 37. Bg8 Nb7 38. g3 Nd6 39. Be6 Bg1
40. Kf1 Bd4 41. Kg2 Nb7 42. Kh3 Kc7 43. Kg4 Bb6 44. Kf5 Kd8 45. Kg6 Ke7 46. Bc4
Kf8 47. g4 Nd8 48. g5 hxg5 49. hxg5 fxg5 50. Bc3 g4 51. fxg4 Bc7 52. b4 Nb7 53.
bxa5 Nxa5 54. Bb4+ Ke8 55. Bf7+ Kd7 56. Kxg7 Nb7 57. g5 c5 58. Bc3 Nd6 59. Bd5
Ne8+ 60. Kf8 Bd6+ 61. Kf7 Be7 62. g6 Bf6 63. a5 1-0

[Event "XXVI Festival Conca della Presolana B"]
[Site "Bratto - Castione della Presolana ITA"]
[Date "2006.08.27"]
[Round "8"]
[White "Caputi, Giuliano"]
[Black "Saracco, Marco"]
[Result "0-1"]
[WhiteElo "1945"]
[BlackElo "1780"]
[PlyCount "82"]
[EventDate "2006.08.20"]

1. e4 c6 2. d4 d5 3. Nc3 dxe4 4. f3 exf3 5. Nxf3 Bg4 6. Bc4 e6 7. O-O Nf6 8.
Bg5 Be7 9. Qe2 Nbd7 10. Kh1 O-O 11. Rad1 Nb6 12. Bd3 Nbd5 13. h3 Bh5 14. g4 Bg6
15. Ne5 Nxc3 16. bxc3 Bxd3 17. Rxd3 Qd5+ 18. Kg1 b5 19. Re3 Rae8 20. Bf4 Nd7
21. h4 a6 22. g5 c5 23. Re4 cxd4 24. cxd4 Nxe5 25. Bxe5 Bd6 26. c3 Rc8 27. Rf3
Bxe5 28. Rxe5 Qc4 29. Qf2 Qc7 30. h5 Qd7 31. Rg3 Qd8 32. Qe2 Rc7 33. Qe4 Qc8
34. Qf3 Qb7 35. Qf2 b4 36. Qb2 Rb8 37. cxb4 Rbc8 38. Re1 Rc2 39. Qb1 Qd5 40.
Rg4 Qf3 41. Qd1 Qf2+ 0-1